000
00297nam a22001337a 4500
008
171204b xxu||||| |||| 00| 0 eng d
020
_a
9780534376086
041
_a
eng
080
_a
574
100
_a
9
101
_a
MJE
245
_a
LIVING IN THE ENVIRONMENT
_c
MILLER.G.T
942
_2
udc
_c
BK
999
_c
38779
_d
38779